000 01062nas a22001817a 4500
008 210325b th ||||| |||| 00| 0 tha d
022 _a15136378
037 _nจัดซื้อวารสาร
041 0 _atha
245 1 0 _aเทคโนโลยีการเกษตรแนวใหม่
260 3 _aกรุงเทพฯ :
_bบริษัทเทคโนโลยีเกษตรแนวใหม่ จำกัด
310 _aรายเดือน
850 _aNALT
942 _cJNR
997 _c51935
999 _c91935
_d91935